[Event "Liga Madrileña - DH 2015-2016"]
[Site "Madrid ESP"]
[Date "2016.02.07"]
[Round "9.15"]
[White "Montoya Pecurul, Marc"]
[Black "Gil Quilez, David"]
[Result "0-1"]
[WhiteElo "2123"]
[BlackElo "2192"]
[PlyCount "116"]
[EventDate "2015.11.22"]
[EventType "team-tourn"]
[EventRounds "14"]
[EventCountry "ESP"]
[Source "lmi"]
[SourceDate "2015.11.22"]
[WhiteTeam "Vallecas CDV"]
[BlackTeam "La Casa del Ajedrez"]
[WhiteTeamCountry "ESP"]
[BlackTeamCountry "ESP"]

1. e4 d5 2. exd5 Qxd5 3. d4 Nc6 4. Nf3 Bg4 5. Be2 O-O-O 6. c4 Qd6 7. d5 Bxf3 8.
Bxf3 Ne5 9. Be2 e6 10. Nc3 exd5 11. cxd5 Ne7 12. Qa4 Nxd5 13. Nxd5 Qxd5 14. O-O
Bc5 15. Bf4 Qd4 16. Qc2 Qxf4 17. Qxc5 Qd4 18. Qc2 Kb8 19. Rfc1 c6 20. Rd1 Qb6
21. a4 Rxd1+ 22. Rxd1 Rd8 23. Rxd8+ Qxd8 24. Qxh7 Qd2 25. Qh4 a6 26. Bf1 Qxb2
27. Qe4 c5 28. h3 Qd4 29. Qb1 Qxa4 30. Qb6 Qc6 31. Qd8+ Ka7 32. Qg5 Ng6 33. h4
Qd6 34. h5 Qe5 35. Qg4 Nf4 36. g3 Nxh5 37. Bg2 Qa1+ 38. Kh2 Nf6 39. Qc8 Qb2 40.
Qxc5+ Qb6 41. Qf5 Qd4 42. f3 Qd5 43. Qc2 Qh5+ 44. Kg1 Qe5 45. Kh2 Nh5 46. Qf2+
Kb8 47. f4 Qc3 48. Bf3 Nf6 49. Qe2 Qc7 50. Qb2 Ne8 51. Kg2 g6 52. Bd5 Nd6 53.
Qe5 a5 54. Qh8+ Ka7 55. Qd4+ Qb6 56. Qf6 Qc7 57. Qe5 b6 58. Qh8 Qc2+ 0-1

[Event "Liga Madrileña - DH 2015-2016"]
[Site "Madrid ESP"]
[Date "2016.02.07"]
[Round "9.16"]
[White "Madina Yadarola, Martin"]
[Black "Ambrona Castellanos, Miguel"]
[Result "1-0"]
[WhiteElo "2237"]
[BlackElo "2012"]
[PlyCount "48"]
[EventDate "2015.11.22"]
[EventType "team-tourn"]
[EventRounds "14"]
[EventCountry "ESP"]
[Source "lmi"]
[SourceDate "2015.11.22"]
[WhiteTeam "La Casa del Ajedrez"]
[BlackTeam "Vallecas CDV"]
[WhiteTeamCountry "ESP"]
[BlackTeamCountry "ESP"]

1. g3 g6 2. Bg2 Bg7 3. d4 Nf6 4. e4 d6 5. Ne2 O-O 6. O-O e5 7. Nbc3 c6 8. a4
Be6 9. b3 exd4 10. Nxd4 d5 11. e5 Nfd7 12. f4 Re8 13. a5 Nf8 14. Ba3 a6 15. Bd6
f6 16. Bxf8 Bxf8 17. Nxe6 Rxe6 18. Nxd5 fxe5 19. fxe5 Nd7 20. Qg4 Rxe5 21. Qxd7
cxd5 22. Qxb7 Bc5+ 23. Kh1 Ra7 24. Qc6 Qd7 1-0

[Event "Liga Madrileña - DH 2015-2016"]
[Site "Madrid ESP"]
[Date "2016.02.07"]
[Round "9.21"]
[White "Taboas Rodriguez, Daniel"]
[Black "Aranda Marin, Cristian"]
[Result "1-0"]
[WhiteElo "2394"]
[BlackElo "2352"]
[PlyCount "69"]
[EventDate "2015.11.22"]
[EventType "team-tourn"]
[EventRounds "14"]
[EventCountry "ESP"]
[Source "lmi"]
[SourceDate "2015.11.22"]
[WhiteTeam "Blanco y Negro"]
[BlackTeam "San Fernando de Henares"]
[WhiteTeamCountry "ESP"]
[BlackTeamCountry "ESP"]

1. d4 Nf6 2. Nf3 e6 3. c4 d5 4. Bg5 Bb4+ 5. Nbd2 dxc4 6. e3 b5 7. a4 c6 8. Be2
Nbd7 9. O-O O-O 10. b3 c3 11. Ne4 Bb7 12. Nxf6+ Nxf6 13. axb5 cxb5 14. Bxb5 Qb6
15. Bc4 Ne4 16. Qc2 f6 17. Bf4 Qc6 18. d5 exd5 19. Nd4 Qc8 20. Bd3 g5 21. Bg3
Rf7 22. f3 Nxg3 23. hxg3 Qc5 24. Rae1 Kh8 25. Kf2 Re8 26. Bg6 Rxe3 27. Rxe3 Re7
28. Rxe7 Qxd4+ 29. Re3 Bc5 30. Qd3 hxg6 31. Qxd4 Bxd4 32. Rc1 Bb6 33. Rcxc3 d4
34. Re8+ Kg7 35. Rc7+ 1-0

[Event "Liga Madrileña - DH 2015-2016"]
[Site "Madrid ESP"]
[Date "2016.02.07"]
[Round "9.22"]
[White "Fernandez Blazquez, Diego"]
[Black "Bolado Saez, Sergio"]
[Result "0-1"]
[WhiteElo "2229"]
[BlackElo "2359"]
[PlyCount "62"]
[EventDate "2015.11.22"]
[EventType "team-tourn"]
[EventRounds "14"]
[EventCountry "ESP"]
[Source "lmi"]
[SourceDate "2015.11.22"]
[WhiteTeam "San Fernando de Henares"]
[BlackTeam "Blanco y Negro"]
[WhiteTeamCountry "ESP"]
[BlackTeamCountry "ESP"]

1. e4 c5 2. Nf3 d6 3. d4 Nf6 4. Nc3 cxd4 5. Nxd4 a6 6. Bg5 Nbd7 7. Bc4 h6 8.
Bh4 Qb6 9. Bb3 e6 10. O-O Be7 11. Kh1 Nc5 12. Bxf6 Bxf6 13. f4 Bd7 14. Nf3 Bxc3
15. bxc3 Nxe4 16. Qe1 Nf6 17. f5 e5 18. Nd2 Bc6 19. Nc4 Qc5 20. Rd1 O-O-O 21.
Qf2 Qxf2 22. Rxf2 Ne4 23. Rf3 Kc7 24. Kg1 f6 25. Rfd3 h5 26. h4 Bb5 27. a4 Bxc4
28. Bxc4 Nc5 29. Rg3 Nxa4 30. Rxg7+ Rd7 31. Rg3 Nb2 0-1

[Event "Liga Madrileña - DH 2015-2016"]
[Site "Madrid ESP"]
[Date "2016.02.07"]
[Round "9.23"]
[White "Martinez Reyes, Pedro Ramon"]
[Black "Garrido Olivares, Ricard"]
[Result "1/2-1/2"]
[WhiteElo "2338"]
[BlackElo "2155"]
[PlyCount "192"]
[EventDate "2015.11.22"]
[EventType "team-tourn"]
[EventRounds "14"]
[EventCountry "ESP"]
[Source "lmi"]
[SourceDate "2015.11.22"]
[WhiteTeam "Blanco y Negro"]
[BlackTeam "San Fernando de Henares"]
[WhiteTeamCountry "ESP"]
[BlackTeamCountry "ESP"]

1. e4 c6 2. c4 d5 3. exd5 cxd5 4. cxd5 Nf6 5. Qa4+ Nbd7 6. Nc3 g6 7. Nf3 Bg7 8.
Bc4 O-O 9. O-O a6 10. Qa3 b6 11. Re1 Re8 12. Bb5 Bb7 13. Bc6 Bxc6 14. dxc6 Nb8
15. Ne5 Nd5 16. d4 e6 17. Qa4 Nxc3 18. bxc3 b5 19. Qc2 f6 20. Ng4 Nxc6 21. a4
b4 22. Bb2 bxc3 23. Qxc3 Rc8 24. Rac1 Qd7 25. d5 Ne5 26. Nxe5 fxe5 27. dxe6
Qxe6 28. Qa5 Rcd8 29. h3 Rd5 30. Rc5 Rxc5 31. Qxc5 e4 32. Bxg7 Kxg7 33. Re3 Qd7
34. Qc3+ Kh6 35. Qc1 Kg7 36. Qc2 Qd4 37. Qc6 Re7 38. Qxa6 Ra7 39. Rxe4 Qa1+ 40.
Qf1 Rxa4 41. Re7+ Kg8 42. Re1 Qd4 43. Qb5 Ra7 44. Qe8+ Kg7 45. Re4 Qd1+ 46. Kh2
Qd6+ 47. f4 h5 48. Qb5 Rf7 49. Qb2+ Kh7 50. Qe5 Qf6 51. Kg3 Qa6 52. Qe8 Qf6 53.
Qb8 Rf8 54. Qa7+ Rf7 55. Qe3 Rc7 56. Re5 Rf7 57. Qe4 Kh6 58. Qd4 Kh7 59. Qc4
Kg7 60. Re6 Qf5 61. Qd4+ Kh7 62. Re8 Qf6 63. Qe5 Kg7 64. Re6 Qxe5 65. Rxe5 Kf6
66. Kh4 Ra7 67. g4 hxg4 68. hxg4 Ra3 69. Rb5 Ra7 70. Rb6+ Kg7 71. Re6 Kf7 72.
Rc6 Kg7 73. Rb6 Rc7 74. Rb5 Kf6 75. Ra5 Rb7 76. g5+ Kg7 77. Kg4 Rb3 78. Ra7+
Kg8 79. Re7 Ra3 80. Re1 Kf7 81. Rf1 Re3 82. Rf3 Re4 83. Rd3 Ra4 84. Kf3 Rb4 85.
Ke3 Ke6 86. Rd4 Rxd4 87. Kxd4 Kd6 88. Ke3 Ke7 89. Kf3 Kd6 90. Kg3 Kd5 91. f5
gxf5 92. g6 Ke6 93. Kh4 Kf6 94. Kh5 Kg7 95. Kg5 f4 96. Kxf4 Kxg6 1/2-1/2

[Event "Liga Madrileña - DH 2015-2016"]
[Site "Madrid ESP"]
[Date "2016.02.07"]
[Round "9.24"]
[White "Nunez Miranda, Adrian"]
[Black "Alarcia Astiz, Carlos"]
[Result "1-0"]
[WhiteElo "2085"]
[BlackElo "2337"]
[PlyCount "69"]
[EventDate "2015.11.22"]
[EventType "team-tourn"]
[EventRounds "14"]
[EventCountry "ESP"]
[Source "lmi"]
[SourceDate "2015.11.22"]
[WhiteTeam "San Fernando de Henares"]
[BlackTeam "Blanco y Negro"]
[WhiteTeamCountry "ESP"]
[BlackTeamCountry "ESP"]

1. e4 c6 2. d4 d5 3. Nc3 dxe4 4. Nxe4 Bf5 5. Ng3 Bg6 6. h4 h6 7. Nf3 Nd7 8. h5
Bh7 9. Bd3 Bxd3 10. Qxd3 e6 11. Bf4 Qa5+ 12. Bd2 Qc7 13. O-O-O O-O-O 14. Ne4
Ngf6 15. g3 Nxe4 16. Qxe4 Nf6 17. Qe2 Bd6 18. c4 c5 19. dxc5 Qxc5 20. Be3 Qa5
21. Kb1 Bc7 22. Nd4 a6 23. Qc2 Ng4 24. c5 Nxe3 25. fxe3 Bxg3 26. c6 b6 27. c7
Bxc7 28. Rd3 Qd5 29. Rc1 Rd7 30. Rc3 Qb7 31. Nc6 Re8 32. Qh7 f5 33. Qg6 Ree7
34. Nxe7+ Rxe7 35. Rxc7+ 1-0

[Event "Liga Madrileña - DH 2015-2016"]
[Site "Madrid ESP"]
[Date "2016.02.07"]
[Round "9.25"]
[White "Renteria Becerra, Jorge Elicer"]
[Black "De la Orden Alcocer, Alejandro"]
[Result "1-0"]
[WhiteElo "2244"]
[BlackElo "2024"]
[PlyCount "57"]
[EventDate "2015.11.22"]
[EventType "team-tourn"]
[EventRounds "14"]
[EventCountry "ESP"]
[Source "lmi"]
[SourceDate "2015.11.22"]
[WhiteTeam "Blanco y Negro"]
[BlackTeam "San Fernando de Henares"]
[WhiteTeamCountry "ESP"]
[BlackTeamCountry "ESP"]

1. c4 e5 2. Nc3 Nf6 3. g3 Bc5 4. Nf3 d6 5. Bg2 Nc6 6. O-O a6 7. e3 Bg4 8. h3
Bxf3 9. Bxf3 Qd7 10. Bg2 O-O 11. d3 Rab8 12. a3 a5 13. Rb1 Rfe8 14. Qa4 Ra8 15.
Qc2 Ra6 16. Bd2 Rea8 17. Kh2 a4 18. f4 Nd8 19. Ne2 c6 20. d4 exd4 21. exd4 Bb6
22. d5 cxd5 23. cxd5 Qb5 24. Nc3 Rc8 25. Rfe1 Qd7 26. Qd3 g6 27. Re2 Qf5 28.
Ne4 Ba5 29. g4 1-0

[Event "Liga Madrileña - DH 2015-2016"]
[Site "Madrid ESP"]
[Date "2016.02.07"]
[Round "9.26"]
[White "Rodriguez Lopez, Ruben"]
[Black "Rivas Vila, David"]
[Result "0-1"]
[WhiteElo "1949"]
[BlackElo "2190"]
[PlyCount "92"]
[EventDate "2015.11.22"]
[EventType "team-tourn"]
[EventRounds "14"]
[EventCountry "ESP"]
[Source "lmi"]
[SourceDate "2015.11.22"]
[WhiteTeam "San Fernando de Henares"]
[BlackTeam "Blanco y Negro"]
[WhiteTeamCountry "ESP"]
[BlackTeamCountry "ESP"]

1. Nf3 g6 2. g3 Bg7 3. Bg2 f5 4. d4 Nf6 5. O-O O-O 6. c4 d6 7. Nc3 Qe8 8. Re1
Qf7 9. Qb3 Ne4 10. Be3 Nxc3 11. bxc3 h6 12. Nd2 c6 13. Qa3 Nd7 14. Rab1 Kh8 15.
Rb3 g5 16. f3 f4 17. Bf2 Nf6 18. e4 fxe3 19. Rxe3 Ng4 20. Re2 Nxf2 21. Rxf2 Qe6
22. Qc1 Qe3 23. Qd1 Qd3 24. Bf1 Qg6 25. d5 g4 26. f4 Rf7 27. Bg2 c5 28. Re2 b6
29. a4 Bf5 30. Ne4 Re8 31. a5 e5 32. axb6 exf4 33. bxa7 Rxa7 34. Nd2 Rxe2 35.
Qxe2 f3 36. Nxf3 gxf3 37. Bxf3 Ra1+ 38. Kg2 Bd3 39. Rb8+ Kh7 40. Qe7 Bf1+ 41.
Kg1 Bh3+ 42. Kf2 Qc2+ 43. Be2 Rf1+ 44. Ke3 Qc1+ 45. Kd3 Qxc3+ 46. Ke4 Bf5# 0-1

[Event "Liga Madrileña - DH 2015-2016"]
[Site "Madrid ESP"]
[Date "2016.02.06"]
[Round "9.31"]
[White "Moreno Trujillo, Alejandro"]
[Black "Valles Moreno, Ivan"]
[Result "0-1"]
[WhiteElo "2504"]
[BlackElo "2427"]
[PlyCount "110"]
[EventDate "2015.11.22"]
[EventType "team-tourn"]
[EventRounds "14"]
[EventCountry "ESP"]
[Source "lmi"]
[SourceDate "2015.11.22"]
[WhiteTeam "64 Villalba"]
[BlackTeam "Liberty Chess"]
[WhiteTeamCountry "ESP"]
[BlackTeamCountry "ESP"]

1. d4 d6 2. e4 Nf6 3. Nc3 e5 4. dxe5 dxe5 5. Qxd8+ Kxd8 6. Bc4 Ke8 7. Nf3 Bd6
8. Bg5 c6 9. O-O-O Bc7 10. Bxf6 gxf6 11. Nh4 Be6 12. Bxe6 fxe6 13. Nf3 Rg8 14.
g3 Nd7 15. a3 b5 16. Nd2 a5 17. a4 Rb8 18. Nb3 Ke7 19. Rd3 Rgd8 20. f3 Nf8 21.
Rhd1 Rxd3 22. Rxd3 h5 23. Kd1 Nd7 24. Ke2 b4 25. Nd1 Ra8 26. Ne3 Nb6 27. Rd1
Bd6 28. Ra1 Kd7 29. h4 Kc7 30. Kf2 Bf8 31. Nd2 Bh6 32. Ndc4 Bxe3+ 33. Nxe3 Rd8
34. Ke2 c5 35. b3 Kc6 36. Rd1 Rg8 37. g4 Rh8 38. Rh1 c4 39. g5 Kc5 40. Rg1 Kd4
41. gxf6 Rf8 42. bxc4 Nxa4 43. Rg6 Nc3+ 44. Kd2 a4 45. Rg7 Rxf6 46. Rd7+ Kc5
47. Rc7+ Kb6 48. Rc8 Rxf3 49. c5+ Kb7 50. Re8 a3 51. Re7+ Kc6 52. Rxe6+ Kxc5
53. Ra6 Kd4 54. Nf5+ Kxe4 55. Nd6+ Kd5 0-1

[Event "Liga Madrileña - DH 2015-2016"]
[Site "Madrid ESP"]
[Date "2016.02.06"]
[Round "9.32"]
[White "Perez Gonzalez, Jose Manuel"]
[Black "Perez Mitjans, Orelvis"]
[Result "0-1"]
[WhiteElo "2340"]
[BlackElo "2478"]
[PlyCount "75"]
[EventDate "2015.11.22"]
[EventType "team-tourn"]
[EventRounds "14"]
[EventCountry "ESP"]
[Source "lmi"]
[SourceDate "2015.11.22"]
[WhiteTeam "Liberty Chess"]
[BlackTeam "64 Villalba"]
[WhiteTeamCountry "ESP"]
[BlackTeamCountry "ESP"]

1. e4 e6 2. d4 d5 3. Nd2 Nf6 4. e5 Nfd7 5. Bd3 c5 6. c3 Nc6 7. Ne2 cxd4 8. cxd4
f6 9. Nf4 Nxd4 10. Qh5+ Ke7 11. exf6+ Nxf6 12. Ng6+ hxg6 13. Qxh8 Kf7 14. O-O
e5 15. Nb3 Nxb3 16. axb3 Bf5 17. Bxf5 gxf5 18. Bg5 Bc5 19. Qh3 Qd7 20. Bxf6
Kxf6 21. b4 Bb6 22. Ra3 Qf7 23. Rc1 e4 24. Rac3 d4 25. Qh4+ Ke6 26. Rc4 Rd8 27.
Qf4 Qh5 28. Re1 g5 29. Qd2 d3 30. g3 Qf3 31. b3 Kf7 32. Rc5 Bxc5 33. bxc5 f4
34. h4 e3 35. fxe3 Qxg3+ 36. Kf1 Qf3+ 37. Kg1 gxh4 38. exf4 0-1

[Event "Liga Madrileña - DH 2015-2016"]
[Site "Madrid ESP"]
[Date "2016.02.06"]
[Round "9.33"]
[White "Fernandez de Bobadilla Osorio, Gabriel"]
[Black "Sanchez Gonzalez, Sergio"]
[Result "1-0"]
[WhiteElo "2260"]
[BlackElo "2300"]
[PlyCount "68"]
[EventDate "2015.11.22"]
[EventType "team-tourn"]
[EventRounds "14"]
[EventCountry "ESP"]
[Source "lmi"]
[SourceDate "2015.11.22"]
[WhiteTeam "64 Villalba"]
[BlackTeam "Liberty Chess"]
[WhiteTeamCountry "ESP"]
[BlackTeamCountry "ESP"]

1. d4 Nf6 2. c4 e6 3. Nf3 d5 4. Nc3 Bb4 5. cxd5 exd5 6. Qa4+ Nc6 7. Bg5 h6 8.
Bh4 g5 9. Bg3 Bd7 10. Qd1 Ne4 11. Rc1 h5 12. h3 Nxg3 13. fxg3 g4 14. hxg4 Bxg4
15. Kf2 Rg8 16. e3 a6 17. Ne2 Bxf3 18. gxf3 Qg5 19. Bh3 h4 20. g4 O-O-O 21.
Rxc6 bxc6 22. Qb3 Rge8 23. f4 Qe7 24. g5+ Rd7 25. Rd1 Bd6 26. Bf5 h3 27. Rh1 c5
28. Rxh3 cxd4 29. Nxd4 c5 30. Nc6 Qf8 31. Qxd5 Kc7 32. Bxd7 Kxd7 33. Rh7 Re6
34. Ne5+ Kc8 1-0

[Event "Liga Madrileña - DH 2015-2016"]
[Site "Madrid ESP"]
[Date "2016.02.06"]
[Round "9.34"]
[White "Fernandez Garcia, Miguel Angel"]
[Black "Longa Yauca, Javier"]
[Result "1-0"]
[WhiteElo "2334"]
[BlackElo "2232"]
[PlyCount "107"]
[EventDate "2015.11.22"]
[EventType "team-tourn"]
[EventRounds "14"]
[EventCountry "ESP"]
[Source "lmi"]
[SourceDate "2015.11.22"]
[WhiteTeam "Liberty Chess"]
[BlackTeam "64 Villalba"]
[WhiteTeamCountry "ESP"]
[BlackTeamCountry "ESP"]

1. d4 Nf6 2. c4 e6 3. Nf3 b6 4. Bf4 Bb7 5. e3 c5 6. dxc5 bxc5 7. Be2 d6 8. h3
e5 9. Bh2 Be7 10. O-O Nbd7 11. Nc3 O-O 12. Nd2 Rb8 13. Qc2 Qb6 14. b3 Rfe8 15.
f4 Bf8 16. Bf3 Bxf3 17. Rxf3 exf4 18. Bxf4 Ne5 19. Bxe5 Rxe5 20. Rxf6 gxf6 21.
Nf3 Rh5 22. g4 Rxh3 23. Nd5 Qd8 24. Kg2 Rh6 25. Rh1 Rg6 26. Qf5 Bg7 27. Kf2 Rb7
28. Qf4 a5 29. Nd2 Qd7 30. Kf3 a4 31. Ne4 Qe6 32. Nxd6 Rd7 33. Nf5 axb3 34.
axb3 Rxd5 35. cxd5 Qxd5+ 36. Kf2 Bf8 37. e4 Qxb3 38. Ne3 Qb2+ 39. Kf3 Qb3 40.
Qc7 Qc3 41. Qc8 f5 42. gxf5 Rg3+ 43. Kxg3 Qxe3+ 44. Kg2 Qxe4+ 45. Kh2 Qf4+ 46.
Kg2 Qe4+ 47. Kh2 Qe2+ 48. Kh3 Qf3+ 49. Kh2 Qf2+ 50. Kh3 c4 51. f6 h5 52. Qc6
Qf5+ 53. Kg2 Qg5+ 54. Kf1 1-0

[Event "Liga Madrileña - DH 2015-2016"]
[Site "Madrid ESP"]
[Date "2016.02.06"]
[Round "9.35"]
[White "Ruperez Benito, Antonio"]
[Black "Paredes Sanchez, Juan Antonio"]
[Result "1/2-1/2"]
[WhiteElo "2218"]
[BlackElo "2176"]
[PlyCount "77"]
[EventDate "2015.11.22"]
[EventType "team-tourn"]
[EventRounds "14"]
[EventCountry "ESP"]
[Source "lmi"]
[SourceDate "2015.11.22"]
[WhiteTeam "64 Villalba"]
[BlackTeam "Liberty Chess"]
[WhiteTeamCountry "ESP"]
[BlackTeamCountry "ESP"]

1. e4 c5 2. Nf3 d6 3. Bb5+ Bd7 4. Bxd7+ Qxd7 5. O-O Nc6 6. b3 Nf6 7. Qe2 e6 8.
Bb2 Be7 9. c4 O-O 10. Nc3 Rfe8 11. Rad1 a6 12. d4 cxd4 13. Nxd4 Nxd4 14. Rxd4
Qc6 15. Rfd1 b5 16. cxb5 axb5 17. a3 Reb8 18. Rb4 Rb7 19. Nxb5 d5 20. Nd4 Qd7
21. Rxb7 Qxb7 22. exd5 Nxd5 23. Nxe6 Qxb3 24. Rxd5 Qxd5 25. Nc7 Qa2 26. Nxa8
Qb1+ 27. Qf1 Qxb2 28. Nc7 Bxa3 29. Nd5 Qd2 30. Ne3 Bc5 31. Nf5 g6 32. Ng3 Qc2
33. Qe2 Qc1+ 34. Nf1 Qf4 35. g3 Qf5 36. Kg2 h5 37. h4 Kg7 38. Nd2 Qd5+ 39. Qe4
1/2-1/2

[Event "Liga Madrileña - DH 2015-2016"]
[Site "Madrid ESP"]
[Date "2016.02.06"]
[Round "9.36"]
[White "Hinojar Diez, David"]
[Black "Blasco de la Cruz, Luis"]
[Result "1-0"]
[WhiteElo "2133"]
[BlackElo "1970"]
[PlyCount "81"]
[EventDate "2015.11.22"]
[EventType "team-tourn"]
[EventRounds "14"]
[EventCountry "ESP"]
[Source "lmi"]
[SourceDate "2015.11.22"]
[WhiteTeam "Liberty Chess"]
[BlackTeam "64 Villalba"]
[WhiteTeamCountry "ESP"]
[BlackTeamCountry "ESP"]

1. d4 Nf6 2. c4 e5 3. dxe5 Ng4 4. Nf3 Bc5 5. e3 Nc6 6. Be2 O-O 7. O-O Ngxe5 8.
Nc3 Nxf3+ 9. Bxf3 Ne5 10. Be2 Re8 11. a3 a5 12. Rb1 b6 13. b4 axb4 14. axb4 Bf8
15. f4 Nc6 16. Nd5 Bb7 17. Bd3 Ne7 18. Qh5 h6 19. Rf3 Nxd5 20. cxd5 Ra2 21. e4
g6 22. Rg3 Qf6 23. e5 Qg7 24. Bxg6 fxg6 25. Rxg6 Re7 26. Rb2 Ra1 27. Rxg7+ Rxg7
28. Qd1 Kh7 29. Kf2 Kg8 30. g3 c5 31. dxc6 Bxc6 32. Qb3+ Kh7 33. Rb1 Rxb1 34.
Qxb1+ Kg8 35. b5 Bc5+ 36. Be3 Bxe3+ 37. Kxe3 Bd5 38. Qd3 Ba2 39. Qd6 h5 40.
Qxb6 h4 41. Qd8+ 1-0

[Event "Liga Madrileña - DH 2015-2016"]
[Site "Madrid ESP"]
[Date "2016.02.07"]
[Round "9.41"]
[White "Vazquez Igarza, Renier"]
[Black "Anton Guijarro, David"]
[Result "1/2-1/2"]
[WhiteElo "2565"]
[BlackElo "2630"]
[PlyCount "54"]
[EventDate "2015.11.22"]
[EventType "team-tourn"]
[EventRounds "14"]
[EventCountry "ESP"]
[Source "lmi"]
[SourceDate "2015.11.22"]
[WhiteTeam "Collado Villalba"]
[BlackTeam "Virgen de Atocha"]
[WhiteTeamCountry "ESP"]
[BlackTeamCountry "ESP"]

1. e4 c5 2. Nf3 e6 3. c3 Nf6 4. Bd3 d5 5. e5 Nfd7 6. Bc2 Nc6 7. d4 Be7 8. O-O
b6 9. a3 c4 10. Re1 b5 11. Nbd2 a5 12. Nf1 Nb6 13. Qd2 Ra6 14. Qf4 b4 15. axb4
axb4 16. Rxa6 Bxa6 17. h4 b3 18. Bb1 Na4 19. Ng5 Bxg5 20. hxg5 Qe7 21. Re3 Na7
22. Rh3 Nb5 23. Nh2 Bb7 24. Ng4 Bc6 25. Kh2 Kd8 26. Ne3 Kc8 27. Nd1 Be8 1/2-1/2

[Event "Liga Madrileña - DH 2015-2016"]
[Site "Madrid ESP"]
[Date "2016.02.07"]
[Round "9.42"]
[White "Rubio Mejia, Luis Ignacio"]
[Black "Arribas Lopez, Angel"]
[Result "1/2-1/2"]
[WhiteElo "2457"]
[BlackElo "2526"]
[PlyCount "104"]
[EventDate "2015.11.22"]
[EventType "team-tourn"]
[EventRounds "14"]
[EventCountry "ESP"]
[Source "lmi"]
[SourceDate "2015.11.22"]
[WhiteTeam "Virgen de Atocha"]
[BlackTeam "Collado Villalba"]
[WhiteTeamCountry "ESP"]
[BlackTeamCountry "ESP"]

1. d4 d6 2. Nf3 Nf6 3. c4 g6 4. Nc3 Bg7 5. h3 O-O 6. e4 e5 7. d5 Nh5 8. g3 f5
9. exf5 gxf5 10. Nh4 Nf4 11. Be3 Na6 12. a3 Ng6 13. Nxg6 hxg6 14. Bd2 e4 15. h4
Nc5 16. Qc2 a6 17. Be3 Bd7 18. Be2 b5 19. cxb5 axb5 20. Nxb5 Bxb5 21. Bxb5 Qb8
22. Bc4 Qxb2 23. Qxb2 Bxb2 24. Rb1 Ra4 25. Bxc5 Rxc4 26. Bb4 f4 27. gxf4 Rxf4
28. Bd2 Bc3 29. Rc1 Bxd2+ 30. Kxd2 Rxf2+ 31. Ke3 Rf3+ 32. Ke2 Rxc1 33. Rxc1
Rxa3 34. Rxc7 Rd3 35. Rd7 Rxd5 36. Ke3 Re5 37. Rxd6 Kg7 38. Ra6 Kh6 39. Rb6 Kh5
40. Ra6 Re8 41. Rb6 Rg8 42. Kxe4 Kg4 43. Ke3 Kg3 44. Ke2 Kg2 45. Ke3 Kg3 46.
Ke2 Kxh4 47. Kf2 g5 48. Kg2 Ra8 49. Rb3 Ra2+ 50. Kg1 g4 51. Rc3 g3 52. Rc8 Kg4
1/2-1/2

[Event "Liga Madrileña - DH 2015-2016"]
[Site "Madrid ESP"]
[Date "2016.02.07"]
[Round "9.43"]
[White "Moreno Ruiz, Javier"]
[Black "Almagro Llamas, Pablo"]
[Result "0-1"]
[WhiteElo "2435"]
[BlackElo "2429"]
[PlyCount "140"]
[EventDate "2015.11.22"]
[EventType "team-tourn"]
[EventRounds "14"]
[EventCountry "ESP"]
[Source "lmi"]
[SourceDate "2015.11.22"]
[WhiteTeam "Collado Villalba"]
[BlackTeam "Virgen de Atocha"]
[WhiteTeamCountry "ESP"]
[BlackTeamCountry "ESP"]

1. d4 Nf6 2. c4 e6 3. Nc3 Bb4 4. f3 O-O 5. a3 Bxc3+ 6. bxc3 Nc6 7. e4 Ne8 8.
Bd3 b6 9. Nh3 e5 10. Be3 d6 11. Nf2 Na5 12. O-O c5 13. f4 Ba6 14. Qa4 Rc8 15.
dxe5 dxe5 16. fxe5 Nc7 17. Bxc5 Qe8 18. Qxe8 Rfxe8 19. Bd6 Bxc4 20. a4 Ne6 21.
Rfd1 Nf4 22. g3 Nxd3 23. Nxd3 Bb3 24. Rdc1 Be6 25. Ra3 Nc4 26. Raa1 Nd2 27. Rc2
Nxe4 28. a5 Bf5 29. Nb4 Nxc3 30. Rxc3 Rxc3 31. axb6 axb6 32. Nd5 Rcc8 33. Ne7+
Rxe7 34. Bxe7 h6 35. Ra2 Rc1+ 36. Kf2 Rb1 37. Ba3 Rb3 38. Bc1 Rb1 39. Ba3 b5
40. Rb2 Ra1 41. Bd6 Bd3 42. Ke3 Bc4 43. Rf2 Rb1 44. Kd4 Be6 45. Kc3 b4+ 46. Kc2
Ra1 47. Rd2 b3+ 48. Kc3 Re1 49. Kd4 Rc1 50. Ba3 Rc4+ 51. Kd3 h5 52. Bb2 Kh7 53.
Rf2 Kg6 54. Ke3 Ra4 55. Bc3 Kg5 56. Bd4 Kg4 57. Bc3 g5 58. Bd4 Kh3 59. Bc3 Rc4
60. Kd2 Kg4 61. Rf6 Ra4 62. Rf2 Ra2+ 63. Ke3 Kh3 64. Bb2 Ra4 65. Bc3 Ra8 66.
Bb2 Rd8 67. Bd4 Rc8 68. Kd3 Rc2 69. Ke3 Rxf2 70. Kxf2 Kxh2 0-1

[Event "Liga Madrileña - DH 2015-2016"]
[Site "Madrid ESP"]
[Date "2016.02.07"]
[Round "9.44"]
[White "Martinez Martin, David"]
[Black "Reyes Larena, Juan"]
[Result "1-0"]
[WhiteElo "2407"]
[BlackElo "2447"]
[PlyCount "83"]
[EventDate "2015.11.22"]
[EventType "team-tourn"]
[EventRounds "14"]
[EventCountry "ESP"]
[Source "lmi"]
[SourceDate "2015.11.22"]
[WhiteTeam "Virgen de Atocha"]
[BlackTeam "Collado Villalba"]
[WhiteTeamCountry "ESP"]
[BlackTeamCountry "ESP"]

1. e4 e5 2. Nf3 Nc6 3. Bb5 a6 4. Ba4 d6 5. O-O Bd7 6. d4 b5 7. Bb3 Nxd4 8. Nxd4
exd4 9. c3 d3 10. Qxd3 Nf6 11. Nd2 Be7 12. Nf3 O-O 13. e5 dxe5 14. Nxe5 Bd6 15.
Nxd7 Qxd7 16. Qf3 Qg4 17. Bd5 Rad8 18. Bc6 Qxf3 19. Bxf3 Nd7 20. Be3 Ne5 21.
Be2 f5 22. g3 Nd7 23. a4 c6 24. axb5 axb5 25. Ra6 Nb8 26. Ra8 f4 27. Bb6 Rde8
28. Bf3 fxg3 29. fxg3 h6 30. Kg2 Kh7 31. Rd1 Rf6 32. Bd4 Rf7 33. Bxg7 Kxg7 34.
Rxd6 Ref8 35. Bh5 Rf6 36. Ra7+ Kg8 37. Rd4 Rf5 38. Rg4+ Rg5 39. Rxg5+ hxg5 40.
Kh3 Rd8 41. Kg4 Nd7 42. Kxg5 1-0

[Event "Liga Madrileña - DH 2015-2016"]
[Site "Madrid ESP"]
[Date "2016.02.07"]
[Round "9.45"]
[White "Martin Duque, Jesus"]
[Black "Espinosa Aranda, Angel"]
[Result "1/2-1/2"]
[WhiteElo "2347"]
[BlackElo "2401"]
[PlyCount "42"]
[EventDate "2015.11.22"]
[EventType "team-tourn"]
[EventRounds "14"]
[EventCountry "ESP"]
[Source "lmi"]
[SourceDate "2015.11.22"]
[WhiteTeam "Collado Villalba"]
[BlackTeam "Virgen de Atocha"]
[WhiteTeamCountry "ESP"]
[BlackTeamCountry "ESP"]

1. e4 e6 2. d4 d5 3. Nd2 c5 4. exd5 Qxd5 5. Ngf3 cxd4 6. Bc4 Qd7 7. Qe2 Nc6 8.
Nb3 Nf6 9. Bd2 a6 10. O-O-O b5 11. Bd3 Bb7 12. Bg5 Be7 13. Kb1 Nd5 14. Bc1 O-O
15. h4 Ncb4 16. Ng5 Nxd3 17. Rxd3 Nf6 18. Nxd4 Bd5 19. Ndf3 Rac8 20. Ne5 Qc7
21. b3 Ne4 1/2-1/2